000 00558nam a22001697a 4500
008 130821s1909 fr gr fre
040 _aCo-BoUCM
_bspa
041 0 0 _afre
100 _aBenson, Robert Hugh
_d1871-1914
_972673
245 0 3 _aLalumière invisible
_cRobert Hugh Benson
260 _aParís (Francia)
_bLibrairie Académique, Perrin et Cie
_c1909
300 _a288 páginas
650 0 4 _aLiteratura religiosa
_918733
650 0 4 _aNovela inglesa
_920530
942 _cLIBRO
_a18
_e1
_mB357
_n0
_2DEWEY
_h843
999 _c85878
_d85878